Supervize : příručka pro uživatele /

Hlavní autor: Horák, Michal
Jazyk: Slovenština
Čeština
Vydáno: Tábor : Asociace poskytovatelů sociálních služeb ČR, 2022
Vydání: První vydání
Témata:
Fyzický popis: 92 stran ; 21 cm
Language note: Částečně slovenský text
Knihy
Uloženo v:
LEADER 01538nam a2200481 i 4500
001 nkc20223396022
003 CZ PrNK
005 20220505144739.0
007 ta
008 220214s2022 xr e f 000 0 cze
015 |a cnb003396022 
020 |a 978-80-88361-21-3  |q (brožováno) 
035 |a (OCoLC)1315528728 
040 |a OLA001  |b cze  |e rda 
041 0 |a cze  |a slo 
072 7 |a 364-1/-7  |x Druhy sociální pomoci a služeb  |2 Konspekt  |9 18 
080 |a 364-781.9  |2 MRF 
080 |a 005.963.2  |2 MRF 
080 |a 37.048  |2 MRF 
080 |a 364-78  |2 MRF 
080 |a (035)  |2 MRF 
100 1 |a Horák, Michal  |7 xx0129163  |4 aut 
245 1 0 |a Supervize :  |b příručka pro uživatele /  |c Michal Horák 
250 |a První vydání 
264 1 |a Tábor :  |b Asociace poskytovatelů sociálních služeb ČR,  |c 2022 
300 |a 92 stran ;  |c 21 cm 
336 |a text  |b txt  |2 rdacontent 
337 |a bez média  |b n  |2 rdamedia 
338 |a svazek  |b nc  |2 rdacarrier 
500 |a Název z obálky 
504 |a Obsahuje bibliografii 
546 |a Částečně slovenský text 
650 0 7 |a supervize  |7 ph166251  |2 czenas 
650 0 7 |a sociální práce  |7 ph125805  |2 czenas 
650 0 9 |a supervision  |2 eczenas 
650 0 9 |a social work  |2 eczenas 
655 7 |a příručky  |7 fd133209  |2 czenas 
655 9 |a handbooks and manuals  |2 eczenas 
910 2 |a BOA001  |b 2-1483.214 
990 |a BK 
995 |a 01 
991 |b 202204  |c NOV 
996 6 |b 2610896919  |c 2-1483.214  |l MZK  |r Sklad / do 1 hodiny  |n 5  |p p.v.  |w 001880573  |u 000010  |a 1  |e BOA001  |j MZK50  |s P